000 00701nam a2200289Ia 4500
005 20260324123646.0
008 008 260324s9999 xx 000 0 eng d
020 _a9780203871782
037 _aEBOOK
040 _aCRL
040 _beng
040 _cCRL
041 _2eng
041 _aeng
084 _qCRL
100 _aSteven H. Cooper
_91138469
245 2 _aA Disturbance in the Field
245 0 _bEssays in Transference-Countertransference Engagement
260 _bTaylor and Francis
260 _c2011
365 _a
365 _b185
856 _uhttp://www.taylorfrancis.com/books/9780203871782
942 _cEBOOK
999 _c1764867
_d1764867